[Event "TUR-chT 2nd League"]
[Site "Denizli"]
[Date "2023.07.12"]
[Round "5.96"]
[White "Pehlivan, Mert"]
[Black "Simsek, Can"]
[Result "1-0"]
[WhiteElo "1709"]
[BlackElo "1487"]
[PlyCount "65"]
[EventDate "2023.07.09"]
[EventType "team-swiss"]
[EventRounds "9"]
[EventCountry "TUR"]
[SourceTitle "CBM 215 Extra"]
[Source "ChessBase"]
[SourceDate "2023.09.30"]
[SourceVersion "1"]
[SourceVersionDate "2023.09.30"]
[SourceQuality "1"]
[WhiteTeam "Duzce AS"]
[BlackTeam "Calli Spor"]
[WhiteTeamCountry "TUR"]
[BlackTeamCountry "TUR"]

1. e4 c5 2. Nf3 d6 3. d3 Nc6 4. g3 g6 5. Bg2 Bg7 6. 0-0 e6 7. Nc3 Nge7 8. Be3 Nd4 9. Rb1 0-0 10. Ne2 e5 11. c3 Nxe2+ 12. Qxe2 f5 13. Qd2 Bd7 14. Rbd1 Qc8 15. Ne1 Bc6 16. f3 b6 17. d4 cxd4 18. cxd4 fxe4 19. fxe4 Rxf1+ 20. Kxf1 d5 21. exd5 Bxd5 22. dxe5 Bxg2+ 23. Kxg2 Bxe5 24. Nf3 Bg7 25. Bg5 Bf8 26. Bxe7 Bxe7 27. Qd5+ Kg7 28. Ne5 Qe8 29. Qe6 Rd8 30. Rf1 Bg5 31. Rf7+ Kh8 32. Nxg6+ hxg6 33. Qh3+ 1-0

[Event "TUR-chT 2nd League"]
[Site "Denizli"]
[Date "2023.07.11"]
[Round "4.116"]
[White "Simsek, Can"]
[Black "Ekinci, Berkay"]
[Result "1-0"]
[WhiteElo "1487"]
[BlackElo "1808"]
[PlyCount "95"]
[EventDate "2023.07.09"]
[EventType "team-swiss"]
[EventRounds "9"]
[EventCountry "TUR"]
[SourceTitle "CBM 215 Extra"]
[Source "ChessBase"]
[SourceDate "2023.09.30"]
[SourceVersion "1"]
[SourceVersionDate "2023.09.30"]
[SourceQuality "1"]
[WhiteTeam "Calli Spor"]
[BlackTeam "Sisli"]
[WhiteTeamCountry "TUR"]
[BlackTeamCountry "TUR"]

1. d4 d5 2. c4 e6 3. Nc3 a6 4. cxd5 exd5 5. Bf4 c6 6. e3 Bd6 7. Bg3 Ne7 8. Bd3 Bf5 9. Nge2 0-0 10. 0-0 Bg6 11. Bxg6 Nxg6 12. Qb3 b5 13. a4 Bxg3 14. hxg3 Nd7 15. a5 Ne7 16. Nf4 Nf5 17. Qb4 Qf6 18. Rac1 Rfc8 19. Nd3 Nd6 20. b3 h5 21. Nf4 g6 22. Rc2 Nf5 23. Rfc1 Qd8 24. Na2 Nb8 25. Qa3 Ra7 26. Nb4 Rac7 27. Nfd3 Qd6 28. Qb2 Ne7 29. Rc3 Kg7 30. Qe2 Nf5 31. Qf3 Qd8 32. Qf4 Ne7 33. Qe5+ Kg8 34. Nf4 Nd7 35. Qg5 f6 36. Qh6 Nf8 37. g4 hxg4 38. Qh4 Qd6 39. Nxa6 Ra7 40. Nc5 Rxa5 41. Nb7 Qc7 42. Nxa5 Qxa5 43. Qxf6 Re8 44. g3 Qa2 45. Kg2 b4 46. Rh1 Nh7 47. Rxh7 Kxh7 48. Rc1 1-0